Zákon o miestnych daniach a miestnom poplatku za komunálne odpady a drobné stavebné odpady s komentárom

Zákon č. 582/2004 Z.z. o miestnych daniach a miestnom poplatku za komunálne odpady a drobné stavebné odpady v znení ďalších zákonov a zákona č. 517/2005 Z.z. Úplné znenie zákona s komentárom.

Guardado en:
Detalles Bibliográficos
Autor principal: Bubeníková, Irena
Otros Autores: Prinerová, Viera, Mezeiová, Soňa
Formato: Capítulo de libro
Lenguaje:eslovaco
Materias:
Etiquetas: Agregar Etiqueta
Sin Etiquetas, Sea el primero en etiquetar este registro!

MARC

LEADER 00000naa$a2200000$$$4500
001 0038175
005 20230919100009.1
041 0 |a slo 
044 |a SK 
245 1 0 |a Zákon o miestnych daniach a miestnom poplatku za komunálne odpady a drobné stavebné odpady s komentárom  |c Irena Bubeníková, Viera Prinerová, Soňa Mezeiová 
520 |a Zákon č. 582/2004 Z.z. o miestnych daniach a miestnom poplatku za komunálne odpady a drobné stavebné odpady v znení ďalších zákonov a zákona č. 517/2005 Z.z. Úplné znenie zákona s komentárom. 
610 2 0 |a dane miestne 
610 2 0 |a poplatky miestne 
610 2 0 |a odpad 
610 2 0 |a stavby 
610 2 0 |a odpad komunálny 
610 2 0 |a zákony 
610 2 0 |a komentáre 
610 2 0 |a Slovensko 
610 2 0 |a 2004-2005 
100 1 |a Bubeníková, Irena 
700 1 |a Prinerová, Viera 
700 1 |a Mezeiová, Soňa